[Event "GER-ch U25 op-B"]
[Site "Willingen"]
[Date "2024.05.25"]
[Round "9"]
[White "Gendzelevsky, Stefan"]
[Black "De Cauter, Leah"]
[Result "1-0"]
[WhiteElo "1628"]
[BlackElo "1617"]
[PlyCount "97"]
[EventDate "2024.05.19"]
[EventType "swiss"]
[EventRounds "9"]
[EventCountry "GER"]
[SourceTitle "EXT 2025"]
[Source "ChessBase"]
[SourceDate "2024.10.14"]
[SourceVersion "1"]
[SourceVersionDate "2024.10.14"]
[SourceQuality "1"]

1. e4 c5 2. Nc3 g6 3. f4 Bg7 4. Bc4 Nc6 5. Nf3 d6 6. d3 e6 7. 0-0 Nge7 8. Qe1 0-0 9. Qh4 Nd4 10. f5 exf5 11. Bh6 Nxf3+ 12. Rxf3 fxe4 13. Nxe4 Nf5 14. Qxd8 Bd4+ 15. Kh1 Rxd8 16. Bg5 Rf8 17. g4 h6 18. gxf5 hxg5 19. fxg6 Be6 20. gxf7+ Bxf7 21. Rxf7 Rxf7 22. Nxg5 Kg7 23. Nxf7 Rf8 24. c3 Bf6 25. Rg1+ Kh7 26. d4 Rxf7 27. Bxf7 cxd4 28. cxd4 Bxd4 29. Rd1 Bc5 30. h4 b6 31. Rc1 a5 32. Rxc5 bxc5 33. Kg2 Kg7 34. Bc4 Kh6 35. Kf3 Kh5 36. Ke4 Kxh4 37. Kd5 Kg4 38. Kxd6 Kf4 39. Kxc5 Ke5 40. Kb5 Kd4 41. a4 Ke5 42. Kxa5 Kd6 43. Kb6 Kd7 44. a5 Kc8 45. a6 Kb8 46. Be6 Ka8 47. b3 Kb8 48. a7+ Ka8 49. Bd5# 1-0

[Event "GER-ch U25 op-B"]
[Site "Willingen"]
[Date "2024.05.22"]
[Round "5"]
[White "Gendzelevsky, Stefan"]
[Black "Barthelmes, Venice"]
[Result "1-0"]
[WhiteElo "1628"]
[BlackElo "1655"]
[PlyCount "69"]
[EventDate "2024.05.19"]
[EventType "swiss"]
[EventRounds "9"]
[EventCountry "GER"]
[SourceTitle "EXT 2025"]
[Source "ChessBase"]
[SourceDate "2024.10.14"]
[SourceVersion "1"]
[SourceVersionDate "2024.10.14"]
[SourceQuality "1"]

1. e4 e5 2. Nf3 Nc6 3. Bc4 Bc5 4. c3 d6 5. d3 Bg4 6. a4 a6 7. Na3 Qf6 8. Bg5 Qg6 9. Be3 Bxe3 10. fxe3 Nge7 11. 0-0 0-0 12. Qe1 Rad8 13. Nh4 Qh6 14. Qg3 Be6 15. Nf5 Nxf5 16. exf5 Bxc4 17. Nxc4 f6 18. e4 d5 19. Ne3 d4 20. Ng4 Qh5 21. Qf3 Qf7 22. c4 Nb4 23. Qd1 c5 24. h3 Rb8 25. a5 b6 26. Nf2 Qc7 27. g4 h6 28. h4 Rb7 29. Kg2 Ra8 30. g5 hxg5 31. hxg5 Kf7 32. g6+ Ke7 33. Rh1 bxa5 34. Rh7 Kd6 35. Ng4 1-0

[Event "GER-ch U25 op-B"]
[Site "Willingen"]
[Date "2024.05.22"]
[Round "6"]
[White "Gendzelevsky, Stefan"]
[Black "Lohmann, Rene Alexander"]
[Result "0-1"]
[WhiteElo "1628"]
[BlackElo "1702"]
[PlyCount "108"]
[EventDate "2024.05.19"]
[EventType "swiss"]
[EventRounds "9"]
[EventCountry "GER"]
[SourceTitle "EXT 2025"]
[Source "ChessBase"]
[SourceDate "2024.10.14"]
[SourceVersion "1"]
[SourceVersionDate "2024.10.14"]
[SourceQuality "1"]

1. e4 e5 2. Nf3 Nc6 3. Bc4 Nf6 4. d3 Bc5 5. c3 d6 6. a4 a6 7. Na3 Ba7 8. Nc2 h6 9. Be3 Bxe3 10. Nxe3 Be6 11. Bb3 0-0 12. 0-0 d5 13. Nh4 dxe4 14. Bxe6 fxe6 15. Ng6 Re8 16. dxe4 Nxe4 17. Qxd8 Raxd8 18. Nc4 Kf7 19. Ngxe5+ Nxe5 20. Nxe5+ Kf6 21. Nf3 Nd2 22. Rfd1 Nxf3+ 23. gxf3 e5 24. Kg2 c6 25. a5 Rd5 26. Rxd5 cxd5 27. Rd1 Rd8 28. Kg3 Kf5 29. h4 d4 30. Rd3 h5 31. b4 g6 32. Rd1 d3 33. c4 e4 34. Re1 d2 35. Rd1 Rd3 36. Kg2 exf3+ 37. Kg3 Ke4 38. b5 Kd4 39. bxa6 bxa6 40. Kf4 Kxc4 41. Kg5 Kc3 42. Kxg6 Kc2 43. Ra1 d1Q 44. Rxd1 Rxd1 45. Kxh5 Rg1 46. Kh6 Kd2 47. h5 Ke2 48. Kh7 Rh1 49. Kg6 Rxh5 50. Kxh5 Kxf2 51. Kg4 Kg2 52. Kf4 f2 53. Ke3 f1R 54. Kd2 Ra1 0-1

[Event "GER-ch U25 op-B"]
[Site "Willingen"]
[Date "2024.05.19"]
[Round "1"]
[White "Gendzelevsky, Stefan"]
[Black "Fellberg, Justus"]
[Result "0-1"]
[WhiteElo "1628"]
[BlackElo "1764"]
[PlyCount "98"]
[EventDate "2024.05.19"]
[EventType "swiss"]
[EventRounds "9"]
[EventCountry "GER"]
[SourceTitle "EXT 2025"]
[Source "ChessBase"]
[SourceDate "2024.10.14"]
[SourceVersion "1"]
[SourceVersionDate "2024.10.14"]
[SourceQuality "1"]

1. e4 d5 2. exd5 Qxd5 3. Nc3 Qa5 4. d4 c6 5. Nf3 Nf6 6. Bd3 Bf5 7. Bf4 Nbd7 8. h3 e6 9. g4 Bg6 10. Bxg6 hxg6 11. a3 Nxg4 12. Ng5 Qf5 13. Qf3 f6 14. Nge4 Nh6 15. 0-0-0 g5 16. Nc5 Bxc5 17. dxc5 0-0-0 18. Ne4 Qxf4+ 19. Qxf4 gxf4 20. Nd6+ Kc7 21. Rhg1 Rhg8 22. b4 b6 23. Ne4 bxc5 24. Nxc5 Nxc5 25. Rxd8 Kxd8 26. bxc5 Nf5 27. Rd1+ Kc7 28. Kb2 Rd8 29. Re1 e5 30. c3 Rd2+ 31. Kb3 Rxf2 32. Rg1 Rh2 33. a4 Rxh3 34. Kb4 e4 35. c4 g5 36. Ka5 Rb3 37. Ka6 f3 38. a5 f2 39. Rd1 e3 40. Kxa7 e2 41. Rd8 Kxd8 42. a6 Ra3 43. Kb7 e1Q 44. a7 Rxa7+ 45. Kxa7 Qb1 46. Ka6 f1Q 47. Ka5 Qfe1+ 48. Ka6 Qe2 49. Ka5 Qea2# 0-1